000
00293nam a22001337a 4500
008
171002b xxu||||| |||| 00| 0 eng d
020
_a
9780618299997
041
_a
eng
080
_2
7TH
_a
37
100
_a
47
101
_a
EDU
245
_a
TEACHING STRATEGIES
_c
ORLICH,D.C
942
_2
udc
_c
BK
999
_c
31094
_d
31094